LDR 00928naa#a2200169#i#450# 001 EN\FGKOU VO SPBU MVD ROSSII\bibl\113535 005 20260429003430.3 011 ## _a2713-0622 100 ## _a20260428b2026####ek#y0engy0150####ca 102 ## _aRU 200 1# _a“Linguistic turn” in the justice system: humanising language in fighting stigma and recidivism (using the US as an example) _eJournal article 210 1# _aSt. Petersburg _cSAINT-PETERSBURG UNIVERSITY OF THE MINISTRY OF INTERNAL AFFAIRS OF THE RUSSIAN FEDERATION _d2026 215 ## _a19 с. 608 ## _aJournal article _2local 675 ## _aПредупреждение преступлений. Уголовная профилактика. Социальные меры предупреждения. Профилактика преступности несовершеннолетних. 343.85 _z 700 #1 _aKhismatulina _gNatalya Vladimirovna 856 4# _arussianjournaldeviantbehavior.ru _u